| 000 | 00811nam a22001817a 4500 | ||
|---|---|---|---|
| 005 | 2012041709239.0 | ||
| 020 |
_c275.00 _a |
||
| 035 | _aB-73786 | ||
| 037 |
_b _adpl |
||
| 082 | _a370.95401 | ||
| 100 |
_aकृष्णकुमार _945248 |
||
| 245 | 1 |
_aप्राचीन भारत की शिक्षा पद्धति / _cकृष्णकुमार |
|
| 260 |
_aनई दिल्ली _bश्री सरस्वती सदन _c1999 |
||
| 270 |
_a _b _e _k |
||
| 300 |
_aवि.पृ. _c22सेमी (सजिल्द) |
||
| 942 |
_adpl _cHN _k _2ddc _h370.95401 _mकृष्णकु |
||
| 999 |
_c65147 _d65147 |
||